Мартин Иден (Запис № 328038)

МАРК-запис
000 -Лідер
fixed length control field 00636nam a22002297a 4500
001 - Контрольний номер
control field 41901
003 - Ідентифікатор контрольного номера
control field UA-OsUOA
005 - Дата та час останнього входження (трансакції)
control field 20220710165212.0
007 - Фіксоване поле фізичного опису
fixed length control field ta
008 - Елементи даних фіксованої довжини – загальна інформація
fixed length control field 20061017b un ||||| |||| 00| 0 ukr d
040 ## - Джерело каталогізації
Агенція оригінальної каталогізації UA-OsUOA
Мова каталогізації rus
Агенція, яка здійснювала перезапис UA-OsUOA
Агенція, яка здійснювала модифікацію UA-OsUOA
041 ## - Код мови
Код мови тексту/ звукової доріжки чи окремого заголовка (П) rus
080 ## - Індекс Універсальної десяткової класифікації
Індекс Універсальної десяткової класифікації (УДК) (НП) 821.111
090 ## - Локальний шифр розміщення
Класифікаційний індекс УДК 821.111
Авторський знак (НП) Л76
100 ## - Основне введення – ім’я особи
Ім’я особи (НП) Лондон Дж.
245 ## - Відомості про назву
Назва (НП) Мартин Иден
Дані про відповідальність (НП) Дж. Лондон
260 ## - Публікація, розповсюдження і т.п. (Вихідні дані)
Місце публікації, розповсюдження і т.п. (П) СПб
Ім’я/ наймення видавництва, розповсюджувача і т.п. (П) Художественная литература
Дата публікації, розповсюдження і т.п. (П) 1979
300 ## - Фізичний опис
Обсяг 288 с.
650 #7 - Додаткове предметне введення – тематичний термін
Тематичний термін чи географічна назва, як елемент введення (НП) 82 Література. Літературознавство
Джерело заголовка чи терміна UDC
942 ## - Додаткові елементи входу (Коха)
Тип елемента Koha Книги
Source of classification or shelving scheme Universal Decimal Classification
955 ## - Код типу видання за змістом
Код типу видання за змістом (НП) Літературно-художні видання
Фонди
Стан вилучень Стан втрат Джерело класифікації або схеми стелажів Стан уражень Не для кредиту Постійне місце розташування Поточне розміщення Дата придбання Джерело придбання Вартість, звичайна ціна покупки Інвентарний номер Усього замовленно Повний номер виклику Штрих-код Дата останнього перегляду Дата останньої перевірки Ціна ефективна від Тип елемента Koha
    Universal Decimal Classification     АБ - Абонемент НБ АБ - Абонемент НБ 17/10/2006 109/2006 10.00 99446 1 821.111 Л76 99446 10/11/2025 14/10/2025 17/10/2006 Книги